000 00488cam a2200169ua 4500
001 9117
008 120326n II |||gr||||Z||||||eng
040 _aMAIN
041 _aEnglish
082 _a080 RAJ
100 _aRAJKHOWA,DR.RATUL CHANDRA & OTHERS.
245 _aEGHARA BASARAR MEDICAL PRABESHIKA PARIKSHA,ASOM (AMET) (BIOLOGY,CHEMISTRY AND PHYSICS)
260 _aGAUHATI:
_bASSAM ACADEMIC CENTRE.,
_c2004.
300 _a(1-p.):
_c24CM.
653 _aGeneral collections
942 _cBK
999 _c9093
_d9093